000 00338nam a2200145Ia 4500
008 220204s9999 xx 000 0 und d
020 _a0127384464
082 _a582.28
_bCAR
100 _aCarlile, Michael J
245 4 _aThe fungi
250 _aEd.2
260 _aLondon
_bAcademic Press
_c2001
650 _aGene cloning
942 _cBK
999 _c42633
_d42633